The noble scholar, jurist, historian


 His Excellency Dr. Abdul Wahhab bin Ibrahim Abu Sulaiman, may Allah have mercy on him.


 He was born in Umm Al-Qura in the year 1356 AH.

ملخص اختصاري في قضية دولتلو سيادتو الشريف عون الرفيق باشا أمير مكة المكرمة وسعادات أخوانه الوكيل الشرعي عن سعادتهم جناب نقولا ماردروس ضد محرم بك محمد. (Record no. 14641)

MARC details
000 -LEADER
fixed length control field 01115cam a22002411i 4500
003 - CONTROL NUMBER IDENTIFIER
control field OSt
005 - DATE AND TIME OF LATEST TRANSACTION
control field 20260316134129.0
008 - FIXED-LENGTH DATA ELEMENTS--GENERAL INFORMATION
fixed length control field 260120s1895 ua f 000 0 ara c
040 ## - CATALOGING SOURCE
Original cataloging agency SA-MaUQU
Language of cataloging ara
Transcribing agency SA-RiAUC
Description conventions rda
043 ## - GEOGRAPHIC AREA CODE
Geographic area code a-su---
082 04 - DEWEY DECIMAL CLASSIFICATION NUMBER
Classification number 346.53104344
Assigning agency SA-RiAUC
090 ## - LOCALLY ASSIGNED LC-TYPE CALL NUMBER (OCLC); LOCAL CALL NUMBER (RLIN)
Classification number (OCLC) (R) ; Classification number, CALL (RLIN) (NR) م ن 346.53104344
Local cutter number (OCLC) ; Book number/undivided call number, CALL (RLIN) م ل خ
245 00 - TITLE STATEMENT
Title ملخص اختصاري في قضية دولتلو سيادتو الشريف عون الرفيق باشا أمير مكة المكرمة وسعادات أخوانه الوكيل الشرعي عن سعادتهم جناب نقولا ماردروس ضد محرم بك محمد.
264 #1 - PRODUCTION, PUBLICATION, DISTRIBUTION, MANUFACTURE, AND COPYRIGHT NOTICE
Place of production, publication, distribution, manufacture [مكان النشر غير محدد] :
Name of producer, publisher, distributor, manufacturer [الناشر غير محدد]،
Date of production, publication, distribution, manufacture, or copyright notice 1895
264 #3 - PRODUCTION, PUBLICATION, DISTRIBUTION, MANUFACTURE, AND COPYRIGHT NOTICE
Place of production, publication, distribution, manufacture مصر :
Name of producer, publisher, distributor, manufacturer مطبعة جريدة الفلاح
300 ## - PHYSICAL DESCRIPTION
Extent 47 صفحة ؛
Dimensions 29 سم
336 ## - CONTENT TYPE
Content type term نص
Content type code txt
Source rdacontent
Materials specified كتاب
337 ## - MEDIA TYPE
Media type term بدون وسيط
Media type code n
Source rdamedia
338 ## - CARRIER TYPE
Carrier type term مجلد
Carrier type code nc
Source rdacarrier
650 #7 - SUBJECT ADDED ENTRY--TOPICAL TERM
Topical term or geographic name entry element عقود الإيجار
General subdivision قوانين وتشريعات
Geographic subdivision السعودية
Source of heading or term aucsh
942 ## - ADDED ENTRY ELEMENTS (KOHA)
Source of classification or shelving scheme Dewey Decimal Classification
Koha item type كتاب مصور نادر
Suppress in OPAC No
949 ## - LOCAL PROCESSING INFORMATION (OCLC)
a SA-JeALM
d 260120
u mohamedma123
n 1
Holdings
Withdrawn status Lost status Source of classification or shelving scheme Damaged status Not for loan Home library Current library Date acquired Total checkouts Full call number Barcode Date last seen Price effective from Koha item type
    Dewey Decimal Classification     DR AbdElwahab Library DR AbdElwahab Library 03/16/2026   م ن 346.53104344 م ل خ 000023150 03/16/2026 03/16/2026 كتاب مصور نادر